[Event "31st Klatovy A 2025"]
[Site "Klatovy CZE"]
[Date "2025.07.05"]
[Round "8.9"]
[White "Stein, Michael 2009"]
[Black "Krivanek, Vladimir"]
[Result "0-1"]
[WhiteElo "2095"]
[BlackElo "2172"]
[PlyCount "94"]
[EventDate "2025.06.28"]
[EventType "swiss"]
[EventRounds "9"]
[EventCountry "CZE"]

1. e4 {[%emt 0:00:02]} c5 {[%emt 0:00:15]} 2. Nf3 {[%emt 0:00:06]} d6 {[%emt 0:00:06]} 3. d4 {[%emt 0:00:04]} cxd4 {[%emt 0:00:04]} 4. Nxd4 {[%emt 0:00:04]} Nf6 {[%emt 0:00:07]} 5. Nc3 {[%emt 0:00:04]} a6 {[%emt 0:00:07]} 6. h3 {[%emt 0:01:22]} g6 {[%emt 0:00:33]} 7. Be3 {[%emt 0:03:17]} Bg7 {[%emt 0:01:17]} 8. g4 {[%emt 0:05:26]} O-O {[%emt 0:03:21]} 9. Bg2 {[%emt 0:01:16]} e5 {[%emt 0:00:44]} 10. Nde2 {[%emt 0:01:56]} Be6 {[%emt 0:01:59]} 11. O-O {[%emt 0:03:29]} Nc6 {[%emt 0:02:02]} 12. Ng3 {[%emt 0:06:15]} Nd4 {[%emt 0:12:13]} 13. Nd5 {[%emt 0:10:53]} Rc8 {[%emt 0:08:28]} 14. c3 {[%emt 0:02:23]} Nb5 {[%emt 0:01:44]} 15. Qd2 {[%emt 0:05:22]} Nxd5 {[%emt 0:11:11]} 16. exd5 {[%emt 0:00:31]} Bd7 {[%emt 0:00:09]} 17. g5 {[%emt 0:14:59]} Nc7 {[%emt 0:07:03]} 18. f4 {[%emt 0:12:06]} exf4 {[%emt 0:04:59]} 19. Bxf4 {[%emt 0:00:59]} Ne8 {[%emt 0:00:49]} 20. Kh2 {[%emt 0:02:46]} Bb5 {[%emt 0:04:15]} 21. Rf2 {[%emt 0:02:51]} f5 {[%emt 0:01:21]} 22. h4 {[%emt 0:03:03]} Rc4 {[%emt 0:05:48]} 23. Re1 {[%emt 0:03:29]} Be5 {[%emt 0:01:54]} 24. Bf1 {[%emt 0:04:11]} Rxf4 {[%emt 0:08:55]} 25. Rxf4 {[%emt 0:00:11]} Bxf4 {[%emt 0:01:54]} 26. Qxf4 {[%emt 0:00:22]} Bxf1 {[%emt 0:00:14]} 27. Rxf1 {[%emt 0:01:46]} Qa5 {[%emt 0:04:48]} 28. Qc4 {[%emt 0:07:30]} b5 {[%emt 0:05:36]} 29. Qb3 {[%emt 0:12:26]} h6 {[%emt 0:04:59]} 30. Ne2 {[%emt 0:06:19]} hxg5 {[%emt 0:01:38]} 31. hxg5 {[%emt 0:00:46]} Qd8 {[%emt 0:00:58]} 32. Rg1 {[%emt 0:02:19]} Kf7 {[%emt 0:01:26]} 33. Nf4 {[%emt 0:02:10]} Rh8+ {[%emt 0:00:30]} 34. Nh3 {[%emt 0:00:02]} Qe7 {[%emt 0:01:25]} 35. Qd1 {[%emt 0:02:22]} Qe5+ {[%emt 0:04:42]} 36. Rg3 {[%emt 0:01:27]} Rh4 {[%emt 0:02:28]} 37. Kg2 {[%emt 0:01:57]} Ng7 {[%emt 0:00:32]} 38. Qd3 {[%emt 0:07:12]} Nh5 {[%emt 0:13:25]} 39. Rf3 {[%emt 0:02:09]} Rg4+ {[%emt 0:01:01]} 40. Kf1 {[%emt 0:00:26]} Ng3+ {[%emt 0:00:35]} 41. Kf2 {[%emt 0:00:47]} Ne4+ {[%emt 0:00:42]} 42. Kf1 {[%emt 0:00:38]} Qh2 {[%emt 0:02:59]} 43. Nf2 {[%emt 0:00:37]} Rg1+ {[%emt 0:02:44]} 44. Ke2 {[%emt 0:00:07]} Nxf2 {[%emt 0:03:55]} 45. Rxf5+ {[%emt 0:01:51]} Kg8 {[%emt 0:00:40]} 46. Rxf2 {[%emt 0:00:31]} Qe5+ {[%emt 0:00:10]} 47. Kd2 {[%emt 0:00:33]} Qe1+ {[%emt 0:00:11]} 0-1

[Event "31st Klatovy A 2025"]
[Site "Klatovy CZE"]
[Date "2025.07.05"]
[Round "8.10"]
[White "Pecka, Jan"]
[Black "Bara, Jan"]
[Result "1-0"]
[WhiteElo "2140"]
[BlackElo "1964"]
[PlyCount "69"]
[EventDate "2025.06.28"]
[EventType "swiss"]
[EventRounds "9"]
[EventCountry "CZE"]

1. c4 {[%emt 0:07:23]} Nf6 {[%emt 0:03:07]} 2. d4 {[%emt 0:00:33]} g6 {[%emt 0:00:08]} 3. Nc3 {[%emt 0:00:09]} d5 {[%emt 0:00:05]} 4. cxd5 {[%emt 0:00:07]} Nxd5 {[%emt 0:00:06]} 5. Bd2 {[%emt 0:00:08]} Bg7 {[%emt 0:00:16]} 6. e4 {[%emt 0:00:06]} Nxc3 {[%emt 0:00:23]} 7. Bxc3 {[%emt 0:01:07]} c5 {[%emt 0:07:17]} 8. d5 {[%emt 0:06:10]} e5 {[%emt 0:08:00]} 9. Nf3 {[%emt 0:02:36]} O-O {[%emt 0:06:12]} 10. Be2 {[%emt 0:06:14]} Re8 {[%emt 0:02:12]} 11. O-O {[%emt 0:00:17]} Bg4 {[%emt 0:01:02]} 12. Nd2 {[%emt 0:00:18]} Bxe2 {[%emt 0:01:37]} 13. Qxe2 {[%emt 0:00:12]} Nd7 {[%emt 0:01:20]} 14. Nc4 {[%emt 0:08:42]} Qb8 {[%emt 0:12:44]} 15. a4 {[%emt 0:02:22]} b6 {[%emt 0:00:26]} 16. Ra3 {[%emt 0:20:14]} Re7 {[%emt 0:10:20]} 17. Rfa1 {[%emt 0:04:16]} f5 {[%emt 0:05:24]} 18. f3 {[%emt 0:10:40]} fxe4 {[%emt 0:07:39]} 19. fxe4 {[%emt 0:03:11]} Rf7 {[%emt 0:00:17]} 20. Rb3 {[%emt 0:00:59]} a6 {[%emt 0:04:17]} 21. Nxb6 {[%emt 0:15:56]} Nxb6 {[%emt 0:04:21]} 22. a5 {[%emt 0:00:11]} Rb7 {[%emt 0:00:16]} 23. axb6 {[%emt 0:00:07]} Rxb6 {[%emt 0:00:09]} 24. Rxb6 {[%emt 0:00:11]} Qxb6 {[%emt 0:00:04]} 25. Qc4 {[%emt 0:00:08]} Qd6 {[%emt 0:02:10]} 26. Ra5 {[%emt 0:02:15]} Bh6 {[%emt 0:01:48]} 27. Kh1 {[%emt 0:03:15]} Be3 {[%emt 0:00:48]} 28. b4 {[%emt 0:00:16]} cxb4 {[%emt 0:02:38]} 29. Bxe5 {[%emt 0:00:29]} Qf8 {[%emt 0:06:40]} 30. Rxa6 {[%emt 0:03:09]} Re8 {[%emt 0:02:09]} 31. d6+ {[%emt 0:02:01]} Qf7 {[%emt 0:00:10]} 32. d7 {[%emt 0:00:38]} Rd8 {[%emt 0:00:31]} 33. Re6 {[%emt 0:00:30]} Bh6 {[%emt 0:02:42]} 34. Re8+ {[%emt 0:00:12]} Bf8 {[%emt 0:00:05]} 35. Qxf7+ {[%emt 0:00:10]} 1-0

[Event "31st Klatovy A 2025"]
[Site "Klatovy CZE"]
[Date "2025.07.05"]
[Round "8.11"]
[White "Strnad, Jakub"]
[Black "Tvrdik, Daniel"]
[Result "0-1"]
[WhiteElo "1993"]
[BlackElo "2140"]
[PlyCount "66"]
[EventDate "2025.06.28"]
[EventType "swiss"]
[EventRounds "9"]
[EventCountry "CZE"]

1. e4 {[%emt 0:00:04]} Nf6 {[%emt 0:00:38]} 2. e5 {[%emt 0:00:07]} Nd5 {[%emt 0:00:05]} 3. d4 {[%emt 0:00:07]} d6 {[%emt 0:00:05]} 4. c4 {[%emt 0:00:07]} Nb6 {[%emt 0:00:04]} 5. exd6 {[%emt 0:00:14]} exd6 {[%emt 0:00:08]} 6. Nc3 {[%emt 0:00:25]} Be7 {[%emt 0:00:42]} 7. Nf3 {[%emt 0:00:32]} O-O {[%emt 0:03:51]} 8. Bd3 {[%emt 0:03:14]} Nc6 {[%emt 0:01:30]} 9. b3 {[%emt 0:06:45]} Bg4 {[%emt 0:01:09]} 10. Bb2 {[%emt 0:01:58]} Re8 {[%emt 0:04:41]} 11. O-O {[%emt 0:00:15]} g6 {[%emt 0:11:17]} 12. d5 {[%emt 0:06:32]} Nd4 {[%emt 0:15:50]} 13. Be2 {[%emt 0:21:00]} Nxe2+ {[%emt 0:02:16]} 14. Qxe2 {[%emt 0:00:40]} Bf6 {[%emt 0:10:45]} 15. Qd3 {[%emt 0:01:06]} Nd7 {[%emt 0:04:51]} 16. b4 {[%emt 0:07:29]} Bf5 {[%emt 0:05:16]} 17. Qd1 {[%emt 0:05:03]} Nb6 {[%emt 0:04:36]} 18. c5 {[%emt 0:12:20]} Nc4 {[%emt 0:01:47]} 19. Qb3 {[%emt 0:00:16]} Nxb2 {[%emt 0:01:10]} 20. Qxb2 {[%emt 0:00:09]} Qe7 {[%emt 0:08:18]} 21. Rfe1 {[%emt 0:06:54]} Qf8 {[%emt 0:00:13]} 22. c6 {[%emt 0:02:43]} bxc6 {[%emt 0:01:08]} 23. dxc6 {[%emt 0:00:11]} Qg7 {[%emt 0:03:53]} 24. Rac1 {[%emt 0:02:37]} Rxe1+ {[%emt 0:12:06]} 25. Nxe1 {[%emt 0:02:09]} Re8 {[%emt 0:00:11]} 26. Nf3 {[%emt 0:00:09]} Be4 {[%emt 0:03:17]} 27. b5 {[%emt 0:00:54]} Bxf3 {[%emt 0:03:16]} 28. gxf3 {[%emt 0:00:06]} Qh6 {[%emt 0:00:39]} 29. Kg2 {[%emt 0:14:39]} Re5 {[%emt 0:04:06]} 30. Rh1 {[%emt 0:02:15]} Rg5+ {[%emt 0:05:15]} 31. Kf1 {[%emt 0:00:27]} Qh3+ {[%emt 0:00:05]} 32. Ke2 {[%emt 0:00:47]} Re5+ {[%emt 0:00:16]} 33. Kd2 {[%emt 0:00:24]} Qxf3 {[%emt 0:01:22]} 0-1

[Event "31st Klatovy A 2025"]
[Site "Klatovy CZE"]
[Date "2025.07.05"]
[Round "8.12"]
[White "Hacha, Ales"]
[Black "Pycha, Patrik"]
[Result "1-0"]
[WhiteElo "2139"]
[BlackElo "2076"]
[PlyCount "75"]
[EventDate "2025.06.28"]
[EventType "swiss"]
[EventRounds "9"]
[EventCountry "CZE"]

1. Nf3 {[%emt 0:14:57]} Nf6 {[%emt 0:00:07]} 2. g3 {[%emt 0:00:12]} d5 {[%emt 0:00:06]} 3. c4 {[%emt 0:00:09]} dxc4 {[%emt 0:00:24]} 4. Na3 {[%emt 0:03:05]} e5 {[%emt 0:02:07]} 5. Nxe5 {[%emt 0:05:58]} Qd5 {[%emt 0:00:25]} 6. Nf3 {[%emt 0:00:22]} c6 {[%emt 0:07:54]} 7. Bg2 {[%emt 0:03:14]} Be6 {[%emt 0:05:00]} 8. O-O {[%emt 0:03:43]} Qh5 {[%emt 0:05:04]} 9. Qc2 {[%emt 0:07:03]} Bxa3 {[%emt 0:10:25]} 10. bxa3 {[%emt 0:02:03]} b5 {[%emt 0:03:28]} 11. Bb2 {[%emt 0:07:36]} Nbd7 {[%emt 0:02:07]} 12. Nd4 {[%emt 0:09:01]} Bh3 {[%emt 0:01:04]} 13. Bxc6 {[%emt 0:03:31]} O-O {[%emt 0:01:29]} 14. Rfe1 {[%emt 0:08:32]} Rab8 {[%emt 0:07:45]} 15. Bf3 {[%emt 0:07:01]} Qg5 {[%emt 0:05:20]} 16. Nc6 {[%emt 0:02:32]} Rbe8 {[%emt 0:05:19]} 17. a4 {[%emt 0:03:58]} Bf5 {[%emt 0:26:52]} 18. e4 {[%emt 0:08:59]} Bg4 {[%emt 0:02:44]} 19. Bg2 {[%emt 0:01:10]} Qc5 {[%emt 0:07:08]} 20. e5 {[%emt 0:03:30]} Nd5 {[%emt 0:02:00]} 21. d4 {[%emt 0:00:38]} Qxc6 {[%emt 0:01:21]} 22. axb5 {[%emt 0:01:09]} Qxb5 {[%emt 0:01:07]} 23. a4 {[%emt 0:02:20]} Qa5 {[%emt 0:02:58]} 24. Ba3 {[%emt 0:01:50]} N7b6 {[%emt 0:02:53]} 25. Reb1 {[%emt 0:03:21]} Bd7 {[%emt 0:01:47]} 26. Bc5 {[%emt 0:01:26]} Qc3 {[%emt 0:11:29]} 27. Qe2 {[%emt 0:02:44]} Bf5 {[%emt 0:01:11]} 28. Ra3 {[%emt 0:03:21]} Bd3 {[%emt 0:04:46]} 29. Qd1 {[%emt 0:03:06]} Qa5 {[%emt 0:05:32]} 30. Rb5 {[%emt 0:01:33]} Nc3 {[%emt 0:01:55]} 31. Rxa5 {[%emt 0:00:50]} Nxd1 {[%emt 0:00:09]} 32. Rxa7 {[%emt 0:03:49]} Nc8 {[%emt 0:00:19]} 33. Rc7 {[%emt 0:00:50]} c3 {[%emt 0:01:15]} 34. Bf3 {[%emt 0:00:54]} c2 {[%emt 0:02:35]} 35. Bxf8 {[%emt 0:00:07]} Nb6 {[%emt 0:01:00]} 36. Rxd3 {[%emt 0:00:17]} Rc8 {[%emt 0:00:20]} 37. Rxc8 {[%emt 0:00:19]} Nxc8 {[%emt 0:00:06]} 38. Ba3 {[%emt 0:00:04]} 1-0

[Event "31st Klatovy A 2025"]
[Site "Klatovy CZE"]
[Date "2025.07.05"]
[Round "8.13"]
[White "Bartak, Josef"]
[Black "Vltavsky, Vladimir"]
[Result "0-1"]
[WhiteElo "1953"]
[BlackElo "2122"]
[PlyCount "102"]
[EventDate "2025.06.28"]
[EventType "swiss"]
[EventRounds "9"]
[EventCountry "CZE"]

1. e4 {[%emt 0:02:38]} d6 {[%emt 0:09:41]} 2. Nc3 {[%emt 0:01:14]} e5 {[%emt 0:02:04]} 3. g3 {[%emt 0:02:06]} g6 {[%emt 0:00:30]} 4. Bg2 {[%emt 0:00:09]} Bg7 {[%emt 0:00:05]} 5. d3 {[%emt 0:00:06]} Ne7 {[%emt 0:00:29]} 6. f4 {[%emt 0:00:42]} c5 {[%emt 0:02:34]} 7. Nf3 {[%emt 0:00:22]} Nbc6 {[%emt 0:00:09]} 8. Be3 {[%emt 0:03:13]} b6 {[%emt 0:00:57]} 9. O-O {[%emt 0:00:59]} Bd7 {[%emt 0:03:25]} 10. Qd2 {[%emt 0:06:09]} O-O {[%emt 0:12:41]} 11. fxe5 {[%emt 0:04:28]} dxe5 {[%emt 0:04:58]} 12. Bh6 {[%emt 0:00:40]} f6 {[%emt 0:01:55]} 13. Bxg7 {[%emt 0:01:45]} Kxg7 {[%emt 0:08:11]} 14. Nd5 {[%emt 0:03:35]} Nxd5 {[%emt 0:03:26]} 15. exd5 {[%emt 0:00:09]} Ne7 16. c4 {[%emt 0:05:07]} Nf5 {[%emt 0:02:37]} 17. Rfe1 {[%emt 0:03:32]} Nd6 {[%emt 0:02:59]} 18. b4 {[%emt 0:03:57]} Qc7 {[%emt 0:00:37]} 19. Qc3 {[%emt 0:02:42]} cxb4 {[%emt 0:02:06]} 20. Qxb4 {[%emt 0:00:09]} Qc5+ {[%emt 0:00:05]} 21. Qxc5 {[%emt 0:01:03]} bxc5 {[%emt 0:00:09]} 22. Nd2 {[%emt 0:01:00]} Bf5 {[%emt 0:03:25]} 23. Bf1 {[%emt 0:10:43]} Rab8 {[%emt 0:02:26]} 24. Nb3 {[%emt 0:01:54]} Rfc8 {[%emt 0:00:06]} 25. Kf2 {[%emt 0:02:22]} Rb6 {[%emt 0:01:35]} 26. Rab1 {[%emt 0:04:03]} Rcb8 {[%emt 0:00:56]} 27. Nd2 {[%emt 0:02:28]} Nxc4 {[%emt 0:04:12]} 28. Rxb6 {[%emt 0:05:43]} Nxb6 {[%emt 0:04:30]} 29. Rc1 {[%emt 0:00:13]} Rc8 {[%emt 0:01:30]} 30. d6 {[%emt 0:02:17]} Be6 {[%emt 0:03:35]} 31. Ne4 {[%emt 0:11:43]} Nd7 {[%emt 0:00:50]} 32. Rb1 {[%emt 0:05:09]} f5 {[%emt 0:01:50]} 33. Nc3 {[%emt 0:09:38]} Nb6 {[%emt 0:05:16]} 34. a4 {[%emt 0:16:34]} Rd8 {[%emt 0:00:34]} 35. a5 {[%emt 0:00:12]} Nc8 {[%emt 0:00:25]} 36. Rb7+ {[%emt 0:00:32]} Kf6 {[%emt 0:01:19]} 37. Rxh7 {[%emt 0:01:46]} Bf7 {[%emt 0:03:22]} 38. Na4 {[%emt 0:00:43]} Rxd6 {[%emt 0:01:38]} 39. Nxc5 {[%emt 0:00:05]} Rd5 {[%emt 0:00:54]} 40. Nb7 {[%emt 0:00:40]} Nd6 {[%emt 0:12:58]} 41. Nxd6 {[%emt 0:02:02]} Rxd6 {[%emt 0:00:11]} 42. Rh4 {[%emt 0:00:12]} Be8 {[%emt 0:01:55]} 43. Rh8 {[%emt 0:00:55]} Re6 {[%emt 0:04:44]} 44. Ke3 {[%emt 0:01:17]} Kg7 {[%emt 0:01:17]} 45. Rh4 {[%emt 0:01:58]} Ra6 {[%emt 0:00:39]} 46. d4 {[%emt 0:01:13]} Rxa5 {[%emt 0:00:33]} 47. dxe5 {[%emt 0:00:07]} Rxe5+ {[%emt 0:00:04]} 48. Kd4 {[%emt 0:00:04]} Re1 {[%emt 0:00:41]} 49. Bc4 {[%emt 0:01:47]} g5 {[%emt 0:01:05]} 50. Rh3 {[%emt 0:00:14]} a5 {[%emt 0:00:47]} 51. g4 {[%emt 0:01:11]} Re4+ {[%emt 0:00:16]} 0-1

[Event "31st Klatovy A 2025"]
[Site "Klatovy CZE"]
[Date "2025.07.05"]
[Round "8.14"]
[White "Vysinsky, Otakar"]
[Black "Richter, Martin 1969"]
[Result "1/2-1/2"]
[WhiteElo "2116"]
[BlackElo "1928"]
[PlyCount "56"]
[EventDate "2025.06.28"]
[EventType "swiss"]
[EventRounds "9"]
[EventCountry "CZE"]

1. e4 {[%emt 0:03:05]} e6 {[%emt 0:00:15]} 2. d3 {[%emt 0:00:55]} d5 {[%emt 0:00:27]} 3. Qe2 {[%emt 0:00:11]} Be7 {[%emt 0:00:54]} 4. Nf3 {[%emt 0:01:56]} c5 {[%emt 0:00:58]} 5. g3 {[%emt 0:00:43]} Nc6 {[%emt 0:00:21]} 6. Bg2 {[%emt 0:01:49]} Nf6 {[%emt 0:03:43]} 7. e5 {[%emt 0:00:51]} Nd7 {[%emt 0:00:09]} 8. c4 {[%emt 0:04:48]} dxc4 {[%emt 0:06:26]} 9. dxc4 {[%emt 0:00:48]} Qc7 {[%emt 0:00:29]} 10. Bf4 {[%emt 0:02:18]} h6 {[%emt 0:00:36]} 11. h4 {[%emt 0:01:05]} b6 {[%emt 0:11:04]} 12. O-O {[%emt 0:05:39]} Bb7 {[%emt 0:01:57]} 13. Nc3 {[%emt 0:11:23]} a6 {[%emt 0:10:25]} 14. Nd5 {[%emt 0:15:10]} Qc8 {[%emt 0:15:36]} 15. Nxe7 {[%emt 0:15:33]} Nxe7 {[%emt 0:04:07]} 16. Rad1 {[%emt 0:05:01]} Qc7 {[%emt 0:01:45]} 17. Rd3 {[%emt 0:08:27]} O-O-O {[%emt 0:01:12]} 18. a3 {[%emt 0:05:21]} Nb8 {[%emt 0:02:00]} 19. b4 {[%emt 0:04:44]} Rxd3 {[%emt 0:00:59]} 20. Qxd3 {[%emt 0:00:02]} Rd8 {[%emt 0:03:03]} 21. Qb1 {[%emt 0:05:46]} Nf5 {[%emt 0:11:15]} 22. bxc5 {[%emt 0:06:58]} bxc5 {[%emt 0:00:39]} 23. Rd1 {[%emt 0:02:40]} Nc6 {[%emt 0:04:35]} 24. Rxd8+ {[%emt 0:04:25]} Qxd8 {[%emt 0:02:45]} 25. h5 {[%emt 0:02:19]} Kc7 {[%emt 0:08:16]} 26. g4 {[%emt 0:05:31]} Nfd4 {[%emt 0:00:43]} 27. Qb2 {[%emt 0:05:57]} Nxf3+ {[%emt 0:07:51]} 28. Bxf3 {[%emt 0:00:06]} Qd3 {[%emt 0:02:54]} 1/2-1/2

[Event "31st Klatovy A 2025"]
[Site "Klatovy CZE"]
[Date "2025.07.05"]
[Round "8.15"]
[White "Lieber, Lukas"]
[Black "Andrle, Filip"]
[Result "0-1"]
[WhiteElo "1925"]
[BlackElo "2019"]
[PlyCount "54"]
[EventDate "2025.06.28"]
[EventType "swiss"]
[EventRounds "9"]
[EventCountry "CZE"]

1. e4 {[%emt 0:00:02]} c5 {[%emt 0:01:10]} 2. Nf3 {[%emt 0:01:10]} e6 {[%emt 0:00:12]} 3. c3 {[%emt 0:01:27]} d5 {[%emt 0:00:13]} 4. exd5 {[%emt 0:01:34]} exd5 {[%emt 0:00:09]} 5. d4 {[%emt 0:00:08]} Nf6 {[%emt 0:01:35]} 6. h3 {[%emt 0:01:35]} Be7 {[%emt 0:00:45]} 7. dxc5 Bxc5 8. Bd3 {[%emt 0:00:56]} O-O {[%emt 0:00:12]} 9. O-O {[%emt 0:03:21]} Nc6 {[%emt 0:06:29]} 10. Bf4 {[%emt 0:01:19]} h6 {[%emt 0:04:05]} 11. Nbd2 {[%emt 0:01:24]} Nh5 {[%emt 0:05:54]} 12. Bh2 {[%emt 0:01:10]} Bd6 {[%emt 0:01:10]} 13. Bxd6 {[%emt 0:02:51]} Qxd6 {[%emt 0:04:42]} 14. Nc4 {[%emt 0:02:06]} Qf6 {[%emt 0:02:31]} 15. Ne3 {[%emt 0:01:33]} Nf4 {[%emt 0:00:51]} 16. Bb5 {[%emt 0:01:59]} Rd8 {[%emt 0:01:45]} 17. Nd4 {[%emt 0:03:10]} Ne5 {[%emt 0:06:22]} 18. Kh2 {[%emt 0:04:54]} Bxh3 {[%emt 0:18:26]} 19. gxh3 {[%emt 0:02:54]} Qh4 {[%emt 0:06:02]} 20. Be2 {[%emt 0:03:32]} Qxh3+ {[%emt 0:05:17]} 21. Kg1 {[%emt 0:00:11]} Rd6 {[%emt 0:03:05]} 22. Ndf5 {[%emt 0:02:48]} Rg6+ {[%emt 0:05:06]} 23. Ng3 {[%emt 0:00:21]} Rxg3+ {[%emt 0:06:12]} 24. fxg3 {[%emt 0:00:43]} Qxg3+ {[%emt 0:00:11]} 25. Kh1 {[%emt 0:00:17]} Qh3+ {[%emt 0:00:07]} 26. Kg1 {[%emt 0:00:26]} Qxe3+ {[%emt 0:00:11]} 27. Rf2 {[%emt 0:00:41]} Nh3+ {[%emt 0:00:27]} 0-1

[Event "31st Klatovy A 2025"]
[Site "Klatovy CZE"]
[Date "2025.07.05"]
[Round "8.16"]
[White "Slansky, Jachym"]
[Black "Rudlof, Adam"]
[Result "0-1"]
[WhiteElo "1878"]
[BlackElo "1992"]
[PlyCount "106"]
[EventDate "2025.06.28"]
[EventType "swiss"]
[EventRounds "9"]
[EventCountry "CZE"]

1. e4 {[%emt 0:00:09]} c5 {[%emt 0:00:40]} 2. Nf3 {[%emt 0:00:08]} d6 {[%emt 0:00:15]} 3. d4 {[%emt 0:00:09]} cxd4 {[%emt 0:00:07]} 4. Nxd4 {[%emt 0:00:08]} Nf6 {[%emt 0:00:12]} 5. Nc3 {[%emt 0:00:08]} Nc6 {[%emt 0:00:20]} 6. Bg5 {[%emt 0:00:40]} e6 {[%emt 0:01:25]} 7. Qd2 {[%emt 0:00:16]} a6 {[%emt 0:00:11]} 8. Nxc6 {[%emt 0:00:12]} bxc6 {[%emt 0:00:30]} 9. O-O-O {[%emt 0:00:32]} Be7 {[%emt 0:04:14]} 10. Bxf6 {[%emt 0:00:11]} gxf6 {[%emt 0:00:06]} 11. Bc4 {[%emt 0:00:58]} Qa5 {[%emt 0:02:09]} 12. Rhe1 {[%emt 0:09:01]} Rb8 {[%emt 0:02:34]} 13. Kb1 {[%emt 0:20:07]} h5 {[%emt 0:09:44]} 14. f4 {[%emt 0:04:08]} Qb4 {[%emt 0:10:07]} 15. Bb3 {[%emt 0:05:39]} Kf8 {[%emt 0:11:39]} 16. a3 {[%emt 0:20:55]} Qb7 {[%emt 0:04:20]} 17. Re3 {[%emt 0:04:08]} c5 {[%emt 0:02:50]} 18. Qe2 {[%emt 0:01:40]} Bd7 {[%emt 0:09:46]} 19. Rh3 {[%emt 0:11:45]} a5 {[%emt 0:06:37]} 20. Rxh5 {[%emt 0:06:03]} Rxh5 {[%emt 0:00:12]} 21. Qxh5 {[%emt 0:00:14]} Ke8 {[%emt 0:00:02]} 22. Qe2 {[%emt 0:20:28]} a4 {[%emt 0:00:14]} 23. Nxa4 {[%emt 0:00:07]} Bb5 {[%emt 0:00:04]} 24. c4 {[%emt 0:01:30]} Bc6 {[%emt 0:00:04]} 25. Bc2 {[%emt 0:03:28]} Qa6 {[%emt 0:00:09]} 26. Nc3 {[%emt 0:01:44]} Qxa3 {[%emt 0:00:34]} 27. Nb5 {[%emt 0:01:46]} Qb4 {[%emt 0:01:31]} 28. Bd3 {[%emt 0:03:05]} Kd8 {[%emt 0:16:53]} 29. h4 {[%emt 0:02:53]} Ra8 {[%emt 0:00:39]} 30. Qc2 {[%emt 0:01:44]} e5 {[%emt 0:06:13]} 31. f5 {[%emt 0:01:47]} Bf8 {[%emt 0:00:21]} 32. g4 {[%emt 0:03:04]} Bh6 {[%emt 0:01:37]} 33. Qc3 {[%emt 0:01:23]} Qa4 {[%emt 0:00:14]} 34. Rf1 {[%emt 0:00:58]} Qa2+ {[%emt 0:03:52]} 35. Kc2 {[%emt 0:00:05]} Bxb5 {[%emt 0:01:15]} 36. cxb5 {[%emt 0:00:02]} Ra4 {[%emt 0:00:20]} 37. Qb3 {[%emt 0:03:14]} Qxb3+ {[%emt 0:01:35]} 38. Kxb3 {[%emt 0:00:01]} Rb4+ {[%emt 0:00:15]} 39. Kc3 {[%emt 0:01:05]} Be3 {[%emt 0:05:04]} 40. b3 {[%emt 0:00:34]} d5 {[%emt 0:00:50]} 41. Re1 {[%emt 0:03:27]} Bd4+ {[%emt 0:00:39]} 42. Kc2 {[%emt 0:00:02]} c4 {[%emt 0:00:21]} 43. bxc4 {[%emt 0:00:49]} dxc4 {[%emt 0:00:04]} 44. Bf1 {[%emt 0:01:03]} Rb2+ {[%emt 0:01:04]} 45. Kc1 {[%emt 0:00:15]} Rxb5 {[%emt 0:00:18]} 46. g5 {[%emt 0:00:37]} fxg5 {[%emt 0:04:50]} 47. hxg5 {[%emt 0:00:01]} Ra5 {[%emt 0:00:09]} 48. Rd1 {[%emt 0:00:39]} Ke7 {[%emt 0:01:35]} 49. Kc2 {[%emt 0:00:43]} Ra2+ {[%emt 0:00:19]} 50. Kb1 {[%emt 0:00:52]} Rb2+ {[%emt 0:00:41]} 51. Kc1 {[%emt 0:00:04]} c3 {[%emt 0:00:26]} 52. Rd3 {[%emt 0:01:26]} Ra2 {[%emt 0:00:26]} 53. Bh3 {[%emt 0:00:38]} Re2 {[%emt 0:01:33]} 0-1

[Event "31st Klatovy A 2025"]
[Site "Klatovy CZE"]
[Date "2025.07.05"]
[Round "8.17"]
[White "Sadil, Antonin"]
[Black "Verner, Matej"]
[Result "0-1"]
[WhiteElo "1907"]
[BlackElo "2143"]
[PlyCount "48"]
[EventDate "2025.06.28"]
[EventType "swiss"]
[EventRounds "9"]
[EventCountry "CZE"]

1. e4 {[%emt 0:05:42]} Nf6 {[%emt 0:00:01]} 2. e5 {[%emt 0:00:25]} Nd5 {[%emt 0:00:01]} 3. c4 {[%emt 0:00:17]} Nb6 {[%emt 0:00:02]} 4. c5 {[%emt 0:00:09]} Nd5 {[%emt 0:00:01]} 5. Bc4 {[%emt 0:00:22]} e6 {[%emt 0:00:06]} 6. Nc3 {[%emt 0:00:14]} Nxc3 {[%emt 0:00:06]} 7. bxc3 {[%emt 0:00:09]} Bxc5 {[%emt 0:00:18]} 8. d4 {[%emt 0:00:13]} Bf8 {[%emt 0:00:02]} 9. Qg4 {[%emt 0:00:48]} d5 {[%emt 0:00:06]} 10. Bb5+ {[%emt 0:02:11]} c6 {[%emt 0:01:30]} 11. Bd3 {[%emt 0:00:25]} b6 {[%emt 0:00:28]} 12. Bg5 {[%emt 0:01:48]} Qd7 {[%emt 0:01:21]} 13. f4 {[%emt 0:02:23]} Ba6 {[%emt 0:01:36]} 14. Bc2 {[%emt 0:02:04]} c5 {[%emt 0:03:28]} 15. Nf3 {[%emt 0:09:47]} Nc6 {[%emt 0:01:05]} 16. f5 {[%emt 0:01:29]} cxd4 {[%emt 0:03:10]} 17. fxe6 {[%emt 0:00:38]} fxe6 {[%emt 0:00:24]} 18. Nxd4 {[%emt 0:01:39]} Nxd4 {[%emt 0:21:23]} 19. Qxd4 {[%emt 0:00:13]} Rc8 {[%emt 0:02:22]} 20. Kd2 {[%emt 0:08:08]} Rc4 {[%emt 0:01:26]} 21. Qf2 {[%emt 0:04:53]} d4 {[%emt 0:05:05]} 22. Rad1 {[%emt 0:01:53]} Rxc3 {[%emt 0:01:56]} 23. Ke1 {[%emt 0:02:23]} Bb4 {[%emt 0:00:54]} 24. Qd2 {[%emt 0:07:31]} Rc4 {[%emt 0:00:47]} 0-1